<?xml version="1.0" encoding="UTF-8"?>
<marc:record xmlns:marc="http://www.loc.gov/MARC21/slim">
   <marc:leader>00000nam a2200000 a 4500</marc:leader>
   <marc:datafield ind1="1" ind2=" " tag="100">
      <marc:subfield code="a">Barth, Ursula</marc:subfield>
      <marc:subfield code="4">ctb</marc:subfield>
      <marc:subfield code="e">Mitwirkende/-r</marc:subfield>
   </marc:datafield>
   <marc:datafield ind1=" " ind2=" " tag="653">
      <marc:subfield code="a">Wassergarten</marc:subfield>
   </marc:datafield>
   <marc:datafield ind1=" " ind2=" " tag="653">
      <marc:subfield code="a">Ratgeber</marc:subfield>
   </marc:datafield>
   <marc:datafield ind1=" " ind2=" " tag="653">
      <marc:subfield code="a">Bildband</marc:subfield>
   </marc:datafield>
   <marc:datafield ind1="0" ind2="0" tag="245">
      <marc:subfield code="a">Traumhafte Wassergärten</marc:subfield>
   </marc:datafield>
   <marc:datafield ind1="0" ind2="0" tag="245">
      <marc:subfield code="b">Gartenteiche, Bachläufe, Brunnen und Wasserspiele</marc:subfield>
   </marc:datafield>
   <marc:datafield ind1="0" ind2="0" tag="245">
      <marc:subfield code="c">Ursula Barth</marc:subfield>
   </marc:datafield>
   <marc:datafield ind1=" " ind2="1" tag="264">
      <marc:subfield code="a">München</marc:subfield>
      <marc:subfield code="b">Callwey</marc:subfield>
      <marc:subfield code="c">2010</marc:subfield>
   </marc:datafield>
   <marc:datafield ind1="1" ind2=" " tag="520">
      <marc:subfield code="a">Angaben aus der Verlagsmeldung

Traumhafte Wassergärten : Gartenteiche, Bachläufe, Brunnen und Wasserspiele / von Ursula Barth

Wie kein anderes Element belebt Wasser den Garten. Stille Wasserflächen haben beruhigende Wirkung, fließende Wasserläufe beleben jeden Garten. Die Möglichkeiten, dieses Element in den eigenen Garten zu integrieren, sind vielseitig und egal ob naturnaher Teich, formales Wasserbecken, plätschernder Brunnen oder Wasserspiele, jede Variante übt ihren ganz eigenen Reiz aus.
Dieses Buch liefert eine umfassende Übersicht über alle Gestaltungsmöglich-keiten mit Wasser im Garten, zeigt, wie die einzelnen Anlagen richtig geplant und gebaut werden und erläutert, wie man durch die fachgemäße Pflege dauerhaft Freude an ihnen hat. So findet jeder den für sich und seinen Garten passenden Traum-Wassergarten.
</marc:subfield>
   </marc:datafield>
   <marc:datafield ind1=" " ind2=" " tag="020">
      <marc:subfield code="a">9783766718679</marc:subfield>
      <marc:subfield code="9">9783766718679</marc:subfield>
   </marc:datafield>
   <marc:datafield ind1=" " ind2=" " tag="041">
      <marc:subfield code="a">ger</marc:subfield>
   </marc:datafield>
   <marc:datafield ind1=" " ind2=" " tag="300">
      <marc:subfield code="a">160 S.</marc:subfield>
   </marc:datafield>
</marc:record>
